Most Populated City in Each County in Maine - Statistics

General Stats
  • This quiz has been taken 35 times
  • The average score is 9 of 16
Answer Stats
County City Pop. City % Correct
Cumberland 68,313 Portland
100%
Kennebec 18,968 Augusta
92%
Penobscot 31,921 Bangor
92%
Androscoggin 36,617 Lewiston
85%
Aroostook 8,777 Presque Isle
77%
York 22,569 Biddeford
69%
Sagadahoc 8,788 Bath
50%
Piscataquis 4,053 Dover-Foxcroft
50%
Knox 7,011 Rockland
50%
Waldo 6,968 Belfast
46%
Hancock 8,531 Ellsworth
46%
Somerset 8,254 Skowhegan
46%
Franklin 7,581 Farmington
42%
Washington 3,032 Calais
35%
Oxford 5,687 Rumford
31%
Lincoln 5,044 Waldoboro
23%
No matching quizzes found
Score Distribution
Percent of People with Each Score
Percentile by Number Answered
Your Score History
You have not taken this quiz